आणविक युग में भारतीय सशस्त्र सेनाओ की रचना चुनोतिया (Record no. 29499)
[ view plain ]
| 000 -LEADER | |
|---|---|
| fixed length control field | 00442nam a22001217a 4500 |
| 003 - CONTROL NUMBER IDENTIFIER | |
| control field | SGT |
| 082 ## - DEWEY DECIMAL CLASSIFICATION NUMBER | |
| Classification number | 301.2 |
| Item number | A2000Y |
| 100 ## - MAIN ENTRY--PERSONAL NAME | |
| Personal name | यादव, कृष्ण कुमार |
| 245 ## - TITLE STATEMENT | |
| Title | आणविक युग में भारतीय सशस्त्र सेनाओ की रचना चुनोतिया |
| 260 ## - PUBLICATION, DISTRIBUTION, ETC. (IMPRINT) | |
| Name of publisher, distributor, etc | हिंदुस्तानी अकादेमी |
| Year of Publication | 1996 |
| 300 ## - PAGE DESCRIPTION | |
| No. of Pages | 170 |
| 942 ## - ADDED ENTRY ELEMENTS (KOHA) | |
| Source of classification or shelving scheme | Dewey Decimal Classification |
| Koha item type | Books |
No items available.